000 00673nam a2200181 i 4500
001 102269
003 ES-MaACL
007 t|
008 051107s1973 sp ||||1| spa d
100 1 _aMendoza Negrillo, Juan de Dios.
_980265
245 1 0 _aFortuna y providencia en la literatura castellana del siglo XV /
_cJuan de Dios Mendoza Negrillo.
260 _aMadrid :
_bReal Academia Española,
_c1973.
300 _a481 p. ;
_c23 cm.
490 1 _aAnejos del Boletín de la Real Academia Española ;
_vAnejo XXVII
830 0 _aAnejos del Boletín de la Real Academia Española ;
_vAnejo XXVII
_9180902
852 _aES-MaACL
_jC-854
_bR.100136
999 _c102269
_d102269